Normal view
MARC view
Entry Topical Term
001 - CONTROL NUMBER
- control field: 755042
003 - CONTROL NUMBER IDENTIFIER
- control field: OSt
005 - DATE AND TIME OF LATEST TRANSACTION
- control field: 20250507130218.0
008 - FIXED-LENGTH DATA ELEMENTS
- fixed length control field: 250507|| aca||aabn | a|a d
040 ## - CATALOGING SOURCE
- Original cataloging agency: OSt
- Transcribing agency: OSt
150 ## - HEADING--TOPICAL TERM
- Topical term or geographic name entry element: China; China - Higher Education
670 ## - SOURCE DATA FOUND
- Source citation: Work cat.: (OSt)1318353: Wang Qinghua 668888, Crisis management, regime survival and "Guerrilla-Style" policy-making: The June 1999 decision to radically expand higher education in China, 2014
